| 000 | 01607cam a22004095i 4500 | ||
|---|---|---|---|
| 001 | 18275254 | ||
| 003 | OSt | ||
| 005 | 20161205101401.0 | ||
| 008 | 140821t20142014enk bd 000 0 eng d | ||
| 010 | _a 2013497227 | ||
| 015 |
_aGBB398939 _2bnb |
||
| 016 | 7 |
_a016529711 _2Uk |
|
| 020 | _a9780199658237 (paperback) | ||
| 020 | _a0199658234 (paperback) | ||
| 035 | _a(OCoLC)ocn862091421 | ||
| 040 |
_aUKMGB _beng _cUKMGB _erda _dYDXCP _dCNAUC _dNGU _dVP@ _dGWL _dOCLCF _dDLC |
||
| 042 | _alccopycat | ||
| 082 | 0 | 4 |
_a423.1 _223 _bCSO |
| 100 | 1 |
_aChalker, Sylvia, _eauthor. _957110 |
|
| 245 | 1 | 4 |
_aThe Oxford dictionary of English grammar / _cBas Aarts, Sylvia Chalker, Edmund Weiner. |
| 246 | 3 | 0 | _aDictionary of English grammar |
| 250 | _aSecond edition. | ||
| 300 |
_aviii, 453 pages ; _c20 cm. |
||
| 490 | 1 | _aOxford paperback reference | |
| 500 | _aPrevious edition: by Sylvia Chalker, Edmund Weiner. Published in 1994. | ||
| 504 | _aIncludes bibliographical references (pages 448-453). | ||
| 650 | 0 |
_aEnglish language _xGrammar _vDictionaries. _957111 |
|
| 650 | 7 |
_aEnglish language _xGrammar. _2fast _957112 |
|
| 655 | 7 |
_aDictionaries. _2fast _957113 |
|
| 700 | 1 |
_aAarts, Bas, _d1961- _eauthor. _945033 |
|
| 700 | 1 |
_aWeiner, E. S. C., _eauthor. _957114 |
|
| 775 | 0 | 8 |
_iRevision of: _aChalker, Sylvia. _tOxford dictionary of English grammar. _dOxford ; New York : Clarendon Press, 1994 _z0198613148 _w(DLC) 94019818 _w(OCoLC)30671325 |
| 830 | 0 |
_aOxford paperback reference. _957115 |
|
| 906 |
_a0 _bibc _ccopycat _d2 _encip _f20 _gy-gencatlg |
||
| 942 |
_2ddc _cBOOK |
||
| 999 |
_c39943 _d274443 |
||